All DDG Songs - Statistics

General Stats
  • This quiz has been taken 38 times
  • The average score is 13 of 60
Answer Stats
Album Song % Correct
Single Moonwalking in Calabasas
59%
Die 4 Respect Hood Melody
50%
VALEDICTORIAN Arguments
38%
Die 4 Respect Impatient
38%
Take Me Serious Take Me Serious
38%
Take Me Serious Givenchy
31%
VALEDICTORIAN PUSH
31%
Single 13
25%
Die 4 Respect Hakuna Matata
25%
Sorry 4 the Hold Up HOLD UP
25%
Single OD
25%
Die 4 Respect Rule #1
25%
Single Escape
22%
Single Hood Santa
22%
Die 4 Respect Money Long
22%
Sorry 4 the Hold Up Run It Up
22%
Single Tony Montana
22%
Single Toxic
22%
Die 4 Respect Treat Me Right
22%
Die 4 Respect Way You Talk
22%
Single Accountant
19%
VALEDICTORIAN ALMOST
19%
Single Balenciagas
19%
Single Case
19%
Take Me Serious Donkey Kong
19%
Single Exotics
19%
Single Free Parties
19%
Die 4 Respect Get What You Want
19%
Die 4 Respect I Need Security
19%
Die 4 Respect Let em Go
19%
Single Lettuce
19%
Single New Celine
19%
Single No Label
19%
Single No Pockets
19%
Single On My Own
19%
VALEDICTORIAN POPSTAR LIVING
19%
VALEDICTORIAN SPENDIN AINT NOTHIN
19%
Single The Reals
19%
VALEDICTORIAN YA'LL SEE IT
19%
Single Young, Rich & Black
19%
Take Me Serious Bank
16%
VALEDICTORIAN CLOUT CHASIN
16%
Single Cotton Mouth
16%
VALEDICTORIAN EARTHQUAKE
16%
VALEDICTORIAN HOLD MY DRINK INTERLUDE
16%
VALEDICTORIAN LET YOU IN
16%
Sorry 4 the Hold Up LIL BABY
16%
VALEDICTORIAN MEET ME IN THE LOBBY
16%
Take Me Serious New Money
16%
VALEDICTORIAN NOT CAPPIN
16%
Take Me Serious On the Low
16%
Take Me Serious Pontiac
16%
Single Pull Up
16%
Single Red Light
16%
Single She Cheated
16%
Sorry 4 the Hold Up Too Much to Lose
16%
Single Well Off
16%
VALEDICTORIAN WHAT NOW
16%
VALEDICTORIAN WHY/ARGUMENTS PT. 2
16%
VALEDICTORIAN WOOZY
16%
No matching quizzes found
Score Distribution
Percent of People with Each Score
Percentile by Number Answered
Your Score History
You have not taken this quiz